Cuentos annobeneses de Guinea Ecuatorial / (Record no. 13556)

MARC details
000 -LEADER
campo de control de longitud fija 00874nam a2200253 i 4500
001 - NÚMERO DE CONTROL
campo de control 13556
003 - IDENTIFICADOR DE NÚMERO DE CONTROL
campo de control ES-MaACL
005 - FECHA Y HORA DE LA ÚLTIMA TRANSACCIÓN
campo de control 20230906150618.0
007 - CAMPO FIJO DE DESCRIPCIÓN FÍSICA--INFORMACIÓN GENERAL
campo de control de longitud fija t|
008 - DATOS DE LONGITUD FIJA--INFORMACIÓN GENERAL
campo de control de longitud fija 980518s1992 sp ||||1| spa d
020 ## - NÚMERO INTERNACIONAL ESTÁNDAR DEL LIBRO
Número Internacional Estándar del Libro 84-604-3214-9
080 ## - NÚMERO DE LA CLASIFICACIÓN DECIMAL UNIVERSAL
Número de la Clasificación Decimal Universal 398.2(671.8/9)
100 1# - ENTRADA PRINCIPAL--NOMBRE DE PERSONA
Nombre de persona Creus, Jacint.
9 (RLIN) 41570
245 10 - MENCIÓN DEL TÍTULO
Título Cuentos annobeneses de Guinea Ecuatorial /
Mención de responsabilidad, etc. Jacint Creus, Mª Antáonia Brunat ; versiones en lengua ambú de Braulio Lorenzo Huesca Pueyo.
260 ## - PUBLICACIÓN, DISTRIBUCIÓN, ETC.
Lugar de publicación, distribución, etc. Malabo :
Nombre del editor, distribuidor, etc. Centro Cultural Hispano-Guineano,
Fecha de publicación, distribución, etc. 1992.
300 ## - DESCRIPCIÓN FÍSICA
Extensión 197 p. ;
Dimensiones 22 cm.
490 1# - MENCIÓN DE SERIE
Mención de serie Colección Ensayos ;
Designación de volumen o secuencia 8
650 14 - PUNTO DE ACCESO ADICIONAL DE MATERIA--TÉRMINO DE MATERIA
Término de materia o nombre geográfico como elemento de entrada Cuentos populares-
Subdivisión geográfica Guinea Ecuatorial.
9 (RLIN) 11501
700 0# - ENTRADA AGREGADA--NOMBRE PERSONAL
Nombre de persona Brunat, Maria Antònia.
9 (RLIN) 32146
700 1# - ENTRADA AGREGADA--NOMBRE PERSONAL
Nombre de persona Huesca Pueyo, Braulio Lorenzo.
9 (RLIN) 64582
830 0# - PUNTO DE ACCESO ADICIONAL DE SERIE-TÍTULO UNIFORME
Título uniforme Colección Ensayos ;
Designación de volumen o secuencia 8
9 (RLIN) 179260
852 ## - LOCALIZACIÓN
Ubicación ES-MaACL
Número de control de estantería L-20886
Sublocalización o colección R.122091
Holdings
Estatus retirado Estado de pérdida Estado de daño No para préstamo Biblioteca de origen Biblioteca actual Ubicación en estantería Fecha de adquisición Fuente de adquisición Total de préstamos Signatura topográfica completa Código de barras Visto por última vez Precio de reemplazo Tipo de ítem Koha
        Biblioteca del Ateneo de Madrid Biblioteca del Ateneo de Madrid Depósito 2 17/01/2008     L-20886 1013800 23/02/2023 23/02/2023 Libro impreso